000
00360nam a2200121Ia 4500
008
151001s9999||||xx |||||||||||||| ||und||
100
_a
चंद्रकांत कुलकर्णी
245
_a
पाउलखुणा
250
_a
1
260
_b
"लाखे प्रकाशन, नागपूर"
300
_a
112
365
_b
21
999
_c
984925
_d
984922